000
00314 a2200157 4500
001
152742
040
_c
Escola São Tomás de Aquino
100
_a
BANDEIRA, Manuel
240
1
0
_a
Teadorar
_l
por
245
1
0
_a
Teadorar
300
_a
55
362
0
_a
2015
440
1
_a
Global
697
_a
Poesia
942
_c
BK
999
_c
152742
_d
152742